<?xml version="1.0" encoding="UTF-8"?>
<marc:record xmlns:marc="http://www.loc.gov/MARC21/slim">
   <marc:leader>00000nam a2200000 a 4500</marc:leader>
   <marc:datafield ind1="1" ind2=" " tag="100">
      <marc:subfield code="a">Riordan, Rick</marc:subfield>
      <marc:subfield code="4">aut</marc:subfield>
      <marc:subfield code="e">Verfasser/-in</marc:subfield>
   </marc:datafield>
   <marc:datafield ind1=" " ind2=" " tag="653">
      <marc:subfield code="a">Antolin Jugendbuch</marc:subfield>
   </marc:datafield>
   <marc:datafield ind1="0" ind2="0" tag="245">
      <marc:subfield code="a">Helden des Olymp - Der Sohn des Neptun</marc:subfield>
   </marc:datafield>
   <marc:datafield ind1="0" ind2="0" tag="245">
      <marc:subfield code="b">Band 2</marc:subfield>
   </marc:datafield>
   <marc:datafield ind1=" " ind2="1" tag="264">
      <marc:subfield code="b">Carlsen</marc:subfield>
      <marc:subfield code="c">2012</marc:subfield>
   </marc:datafield>
   <marc:datafield ind1="1" ind2=" " tag="490">
      <marc:subfield code="a">Helden des Olymp</marc:subfield>
   </marc:datafield>
   <marc:datafield ind1="1" ind2=" " tag="520">
      <marc:subfield code="a">Eigentlich ist diese neue Reihe des Bestseller-Autors eine Fortsetzung der Percy-Jackson-Serie. Nur gibt es hier zum Camp Half-Blood ein Gegenstück. Nahe San Francisco befindet sich Camp Jupiter, die Ausbildungsstätte der Kinder römischer Götter aus Verbindungen mit Sterblichen. Um die Welt zu retten, um Gaia einzubremsen, müssen die verfeindeten Camps zusammenarbeiten. In jedem der Bände ist ein anderer jugendlicher Halbgott der Protagonist, abwechselnd einmal aus dem römischen und dann wieder aus dem griechischen Camp. Bd 1.: Der verschwundene Halbgott stellt uns Jason vor, den tapferen und sympathischen Sohn von Jupiter Bd 2.: Der Sohn des Neptun schickt Percy Jackson ins römische Camp, wo ein gereifter Percy neue gefährliche Abenteuer bestehen muss. Nachdem nun auch Band 2 der Percy-Jackson-Serie verfilmt wurde, wird sicher auch die neue Reihe bei den jungen Lesern und Leserinnen gut ankommen. Spannendes Lesefutter ab 12 Jahren.</marc:subfield>
   </marc:datafield>
   <marc:datafield ind1=" " ind2=" " tag="020">
      <marc:subfield code="a">9783551556028</marc:subfield>
      <marc:subfield code="9">9783551556028</marc:subfield>
   </marc:datafield>
</marc:record>
